<?xml version="1.0" encoding="UTF-8"?>
<record
    xmlns:xsi="http://www.w3.org/2001/XMLSchema-instance"
    xsi:schemaLocation="http://www.loc.gov/MARC21/slim http://www.loc.gov/standards/marcxml/schema/MARC21slim.xsd"
    xmlns="http://www.loc.gov/MARC21/slim">

  <leader>00610nam a2200217 a 4500</leader>
  <datafield tag="999" ind1=" " ind2=" ">
    <subfield code="c">1034</subfield>
    <subfield code="d">1034</subfield>
  </datafield>
  <controlfield tag="003">PK-NaQUE</controlfield>
  <controlfield tag="005">20250616171637.0</controlfield>
  <controlfield tag="008">250616b           ||||| |||| 00| 0 eng d</controlfield>
  <datafield tag="020" ind1=" " ind2=" ">
    <subfield code="a">007108617X (paperback)</subfield>
  </datafield>
  <datafield tag="020" ind1=" " ind2=" ">
    <subfield code="a">9780071086172 (paperback)</subfield>
  </datafield>
  <datafield tag="040" ind1=" " ind2=" ">
    <subfield code="c">QUEST</subfield>
  </datafield>
  <datafield tag="082" ind1=" " ind2=" ">
    <subfield code="a">621.31042CHA</subfield>
  </datafield>
  <datafield tag="100" ind1="1" ind2=" ">
    <subfield code="a">Chapman.</subfield>
  </datafield>
  <datafield tag="245" ind1="1" ind2="0">
    <subfield code="a">Electric Machinery Fundamentals </subfield>
  </datafield>
  <datafield tag="250" ind1=" " ind2=" ">
    <subfield code="a">5th ed.</subfield>
  </datafield>
  <datafield tag="260" ind1=" " ind2=" ">
    <subfield code="a">New Delhi</subfield>
    <subfield code="b">Mcgraw Hill Higher Education,</subfield>
    <subfield code="c">2012.</subfield>
  </datafield>
  <datafield tag="300" ind1=" " ind2=" ">
    <subfield code="a">XXIV,680</subfield>
  </datafield>
  <datafield tag="650" ind1=" " ind2=" ">
    <subfield code="a">Electrical Machines</subfield>
  </datafield>
  <datafield tag="856" ind1="4" ind2="0">
    <subfield code="u">http://10.10.170.122:8080/browse/book/1822</subfield>
    <subfield code="y">Download eBook</subfield>
  </datafield>
  <datafield tag="942" ind1=" " ind2=" ">
    <subfield code="c">BK</subfield>
    <subfield code="2">ddc</subfield>
  </datafield>
  <datafield tag="952" ind1=" " ind2=" ">
    <subfield code="0">0</subfield>
    <subfield code="1">3</subfield>
    <subfield code="4">0</subfield>
    <subfield code="7">0</subfield>
    <subfield code="a">BB</subfield>
    <subfield code="b">BB</subfield>
    <subfield code="d">2014-04-29</subfield>
    <subfield code="g">600.00</subfield>
    <subfield code="l">2</subfield>
    <subfield code="o"> 621.3824CHA</subfield>
    <subfield code="p">B4969</subfield>
    <subfield code="r">2017-01-16 00:00:00</subfield>
    <subfield code="s">2017-01-16</subfield>
    <subfield code="y">BK</subfield>
  </datafield>
  <datafield tag="952" ind1=" " ind2=" ">
    <subfield code="0">0</subfield>
    <subfield code="1">0</subfield>
    <subfield code="4">0</subfield>
    <subfield code="7">0</subfield>
    <subfield code="a">BB</subfield>
    <subfield code="b">BB</subfield>
    <subfield code="d">2014-04-29</subfield>
    <subfield code="g">600.00</subfield>
    <subfield code="l">0</subfield>
    <subfield code="o"> 621.3824CHA</subfield>
    <subfield code="p">B4970</subfield>
    <subfield code="r">2014-04-29 00:00:00</subfield>
    <subfield code="w">2014-04-29</subfield>
    <subfield code="y">BK</subfield>
  </datafield>
  <datafield tag="952" ind1=" " ind2=" ">
    <subfield code="0">0</subfield>
    <subfield code="1">0</subfield>
    <subfield code="4">0</subfield>
    <subfield code="7">0</subfield>
    <subfield code="a">BB</subfield>
    <subfield code="b">BB</subfield>
    <subfield code="d">2014-04-29</subfield>
    <subfield code="g">600.00</subfield>
    <subfield code="l">0</subfield>
    <subfield code="o"> 621.3824CHA</subfield>
    <subfield code="p">B4971</subfield>
    <subfield code="r">2014-04-29 00:00:00</subfield>
    <subfield code="w">2014-04-29</subfield>
    <subfield code="y">BK</subfield>
  </datafield>
  <datafield tag="952" ind1=" " ind2=" ">
    <subfield code="0">0</subfield>
    <subfield code="1">0</subfield>
    <subfield code="4">0</subfield>
    <subfield code="7">0</subfield>
    <subfield code="a">BB</subfield>
    <subfield code="b">BB</subfield>
    <subfield code="d">2014-04-29</subfield>
    <subfield code="g">600.00</subfield>
    <subfield code="l">0</subfield>
    <subfield code="o"> 621.3824CHA</subfield>
    <subfield code="p">B4972</subfield>
    <subfield code="r">2014-04-29 00:00:00</subfield>
    <subfield code="w">2014-04-29</subfield>
    <subfield code="y">BK</subfield>
  </datafield>
  <datafield tag="952" ind1=" " ind2=" ">
    <subfield code="0">0</subfield>
    <subfield code="1">0</subfield>
    <subfield code="4">0</subfield>
    <subfield code="7">0</subfield>
    <subfield code="a">BB</subfield>
    <subfield code="b">BB</subfield>
    <subfield code="d">2014-04-29</subfield>
    <subfield code="g">600.00</subfield>
    <subfield code="l">2</subfield>
    <subfield code="o"> 621.3824CHA</subfield>
    <subfield code="p">B4973</subfield>
    <subfield code="r">2016-02-17 00:00:00</subfield>
    <subfield code="s">2015-08-03</subfield>
    <subfield code="w">2014-04-29</subfield>
    <subfield code="y">BK</subfield>
  </datafield>
  <datafield tag="952" ind1=" " ind2=" ">
    <subfield code="0">0</subfield>
    <subfield code="1">0</subfield>
    <subfield code="4">0</subfield>
    <subfield code="7">0</subfield>
    <subfield code="a">BB</subfield>
    <subfield code="b">BB</subfield>
    <subfield code="d">2014-04-29</subfield>
    <subfield code="g">600.00</subfield>
    <subfield code="l">0</subfield>
    <subfield code="o"> 621.3824CHA</subfield>
    <subfield code="p">B4974</subfield>
    <subfield code="r">2014-04-29 00:00:00</subfield>
    <subfield code="w">2014-04-29</subfield>
    <subfield code="y">BK</subfield>
  </datafield>
  <datafield tag="952" ind1=" " ind2=" ">
    <subfield code="0">0</subfield>
    <subfield code="1">3</subfield>
    <subfield code="4">0</subfield>
    <subfield code="7">0</subfield>
    <subfield code="a">BB</subfield>
    <subfield code="b">BB</subfield>
    <subfield code="d">2014-04-29</subfield>
    <subfield code="g">600.00</subfield>
    <subfield code="l">0</subfield>
    <subfield code="o"> 621.3824CHA</subfield>
    <subfield code="p">B4975</subfield>
    <subfield code="r">2014-04-29 00:00:00</subfield>
    <subfield code="y">BK</subfield>
  </datafield>
  <datafield tag="952" ind1=" " ind2=" ">
    <subfield code="0">0</subfield>
    <subfield code="1">0</subfield>
    <subfield code="4">0</subfield>
    <subfield code="7">0</subfield>
    <subfield code="a">BB</subfield>
    <subfield code="b">BB</subfield>
    <subfield code="d">2014-04-29</subfield>
    <subfield code="g">600.00</subfield>
    <subfield code="l">1</subfield>
    <subfield code="o"> 621.3824CHA</subfield>
    <subfield code="p">B4976</subfield>
    <subfield code="r">2016-01-20 00:00:00</subfield>
    <subfield code="s">2015-08-10</subfield>
    <subfield code="w">2014-04-29</subfield>
    <subfield code="y">BK</subfield>
  </datafield>
  <datafield tag="952" ind1=" " ind2=" ">
    <subfield code="0">0</subfield>
    <subfield code="1">0</subfield>
    <subfield code="4">0</subfield>
    <subfield code="7">0</subfield>
    <subfield code="a">BB</subfield>
    <subfield code="b">BB</subfield>
    <subfield code="d">2014-04-29</subfield>
    <subfield code="g">600.00</subfield>
    <subfield code="l">0</subfield>
    <subfield code="o"> 621.3824CHA</subfield>
    <subfield code="p">B4977</subfield>
    <subfield code="r">2017-05-09 00:00:00</subfield>
    <subfield code="w">2014-04-29</subfield>
    <subfield code="y">BK</subfield>
  </datafield>
  <datafield tag="952" ind1=" " ind2=" ">
    <subfield code="0">0</subfield>
    <subfield code="1">0</subfield>
    <subfield code="4">0</subfield>
    <subfield code="7">0</subfield>
    <subfield code="a">BB</subfield>
    <subfield code="b">BB</subfield>
    <subfield code="d">2014-04-29</subfield>
    <subfield code="g">600.00</subfield>
    <subfield code="l">0</subfield>
    <subfield code="o"> 621.3824CHA</subfield>
    <subfield code="p">B4978</subfield>
    <subfield code="r">2014-04-29 00:00:00</subfield>
    <subfield code="w">2014-04-29</subfield>
    <subfield code="y">BK</subfield>
  </datafield>
  <datafield tag="952" ind1=" " ind2=" ">
    <subfield code="0">0</subfield>
    <subfield code="1">0</subfield>
    <subfield code="4">0</subfield>
    <subfield code="7">0</subfield>
    <subfield code="a">BB</subfield>
    <subfield code="b">BB</subfield>
    <subfield code="d">2014-04-29</subfield>
    <subfield code="g">600.00</subfield>
    <subfield code="l">1</subfield>
    <subfield code="o"> 621.3824CHA</subfield>
    <subfield code="p">B4979</subfield>
    <subfield code="r">2016-02-11 00:00:00</subfield>
    <subfield code="s">2015-08-10</subfield>
    <subfield code="w">2014-04-29</subfield>
    <subfield code="y">BK</subfield>
  </datafield>
  <datafield tag="952" ind1=" " ind2=" ">
    <subfield code="0">0</subfield>
    <subfield code="1">0</subfield>
    <subfield code="4">0</subfield>
    <subfield code="7">0</subfield>
    <subfield code="a">BB</subfield>
    <subfield code="b">BB</subfield>
    <subfield code="d">2014-04-29</subfield>
    <subfield code="g">600.00</subfield>
    <subfield code="l">1</subfield>
    <subfield code="o"> 621.3824CHA</subfield>
    <subfield code="p">B4980</subfield>
    <subfield code="r">2015-12-22 00:00:00</subfield>
    <subfield code="s">2015-08-10</subfield>
    <subfield code="w">2014-04-29</subfield>
    <subfield code="y">BK</subfield>
  </datafield>
  <datafield tag="952" ind1=" " ind2=" ">
    <subfield code="0">0</subfield>
    <subfield code="1">0</subfield>
    <subfield code="4">0</subfield>
    <subfield code="7">0</subfield>
    <subfield code="a">BB</subfield>
    <subfield code="b">BB</subfield>
    <subfield code="d">2014-04-29</subfield>
    <subfield code="g">600.00</subfield>
    <subfield code="l">0</subfield>
    <subfield code="o"> 621.3824CHA</subfield>
    <subfield code="p">B4981</subfield>
    <subfield code="r">2019-05-02 00:00:00</subfield>
    <subfield code="w">2014-04-29</subfield>
    <subfield code="y">BK</subfield>
  </datafield>
  <datafield tag="952" ind1=" " ind2=" ">
    <subfield code="0">0</subfield>
    <subfield code="1">0</subfield>
    <subfield code="4">0</subfield>
    <subfield code="7">0</subfield>
    <subfield code="a">BB</subfield>
    <subfield code="b">BB</subfield>
    <subfield code="d">2014-04-29</subfield>
    <subfield code="g">600.00</subfield>
    <subfield code="l">0</subfield>
    <subfield code="o"> 621.3824CHA</subfield>
    <subfield code="p">B4982</subfield>
    <subfield code="r">2014-04-29 00:00:00</subfield>
    <subfield code="w">2014-04-29</subfield>
    <subfield code="y">BK</subfield>
  </datafield>
  <datafield tag="952" ind1=" " ind2=" ">
    <subfield code="0">0</subfield>
    <subfield code="1">0</subfield>
    <subfield code="4">0</subfield>
    <subfield code="7">0</subfield>
    <subfield code="a">BB</subfield>
    <subfield code="b">BB</subfield>
    <subfield code="d">2014-04-29</subfield>
    <subfield code="g">600.00</subfield>
    <subfield code="l">2</subfield>
    <subfield code="o"> 621.3824CHA</subfield>
    <subfield code="p">B4983</subfield>
    <subfield code="r">2016-02-02 00:00:00</subfield>
    <subfield code="s">2015-08-10</subfield>
    <subfield code="w">2014-04-29</subfield>
    <subfield code="y">BK</subfield>
  </datafield>
  <datafield tag="952" ind1=" " ind2=" ">
    <subfield code="0">0</subfield>
    <subfield code="1">0</subfield>
    <subfield code="4">0</subfield>
    <subfield code="7">0</subfield>
    <subfield code="a">BB</subfield>
    <subfield code="b">BB</subfield>
    <subfield code="d">2014-04-29</subfield>
    <subfield code="g">600.00</subfield>
    <subfield code="l">1</subfield>
    <subfield code="o"> 621.3824CHA</subfield>
    <subfield code="p">B4984</subfield>
    <subfield code="r">2017-02-09 00:00:00</subfield>
    <subfield code="s">2015-06-08</subfield>
    <subfield code="w">2014-04-29</subfield>
    <subfield code="y">BK</subfield>
  </datafield>
  <datafield tag="952" ind1=" " ind2=" ">
    <subfield code="0">0</subfield>
    <subfield code="1">0</subfield>
    <subfield code="4">0</subfield>
    <subfield code="7">0</subfield>
    <subfield code="a">BB</subfield>
    <subfield code="b">QUESTCL</subfield>
    <subfield code="d">2014-04-29</subfield>
    <subfield code="g">600.00</subfield>
    <subfield code="l">1</subfield>
    <subfield code="o"> 621.3824CHA</subfield>
    <subfield code="p">B4985</subfield>
    <subfield code="r">2021-06-17 00:00:00</subfield>
    <subfield code="s">2015-05-28</subfield>
    <subfield code="w">2014-04-29</subfield>
    <subfield code="y">BK</subfield>
  </datafield>
  <datafield tag="952" ind1=" " ind2=" ">
    <subfield code="0">0</subfield>
    <subfield code="1">0</subfield>
    <subfield code="4">0</subfield>
    <subfield code="7">0</subfield>
    <subfield code="a">BB</subfield>
    <subfield code="b">BB</subfield>
    <subfield code="d">2014-04-29</subfield>
    <subfield code="g">600.00</subfield>
    <subfield code="l">0</subfield>
    <subfield code="o"> 621.3824CHA</subfield>
    <subfield code="p">B4986</subfield>
    <subfield code="r">2014-04-29 00:00:00</subfield>
    <subfield code="w">2014-04-29</subfield>
    <subfield code="y">BK</subfield>
  </datafield>
  <datafield tag="952" ind1=" " ind2=" ">
    <subfield code="0">0</subfield>
    <subfield code="1">0</subfield>
    <subfield code="4">0</subfield>
    <subfield code="7">0</subfield>
    <subfield code="a">BB</subfield>
    <subfield code="b">BB</subfield>
    <subfield code="d">2014-04-29</subfield>
    <subfield code="g">600.00</subfield>
    <subfield code="l">0</subfield>
    <subfield code="o"> 621.3824CHA</subfield>
    <subfield code="p">B4987</subfield>
    <subfield code="r">2017-05-09 00:00:00</subfield>
    <subfield code="w">2014-04-29</subfield>
    <subfield code="y">BK</subfield>
  </datafield>
  <datafield tag="952" ind1=" " ind2=" ">
    <subfield code="0">0</subfield>
    <subfield code="1">0</subfield>
    <subfield code="4">0</subfield>
    <subfield code="7">0</subfield>
    <subfield code="a">BB</subfield>
    <subfield code="b">BB</subfield>
    <subfield code="d">2014-04-29</subfield>
    <subfield code="g">600.00</subfield>
    <subfield code="l">1</subfield>
    <subfield code="o"> 621.3824CHA</subfield>
    <subfield code="p">B4988</subfield>
    <subfield code="r">2025-10-22 00:00:00</subfield>
    <subfield code="s">2016-02-18</subfield>
    <subfield code="w">2014-04-29</subfield>
    <subfield code="y">BK</subfield>
  </datafield>
  <datafield tag="952" ind1=" " ind2=" ">
    <subfield code="0">0</subfield>
    <subfield code="1">0</subfield>
    <subfield code="4">0</subfield>
    <subfield code="7">0</subfield>
    <subfield code="a">BB</subfield>
    <subfield code="b">BB</subfield>
    <subfield code="d">2014-04-29</subfield>
    <subfield code="g">600.00</subfield>
    <subfield code="l">0</subfield>
    <subfield code="o"> 621.3824CHA</subfield>
    <subfield code="p">B4989</subfield>
    <subfield code="r">2014-04-29 00:00:00</subfield>
    <subfield code="w">2014-04-29</subfield>
    <subfield code="y">BK</subfield>
  </datafield>
  <datafield tag="952" ind1=" " ind2=" ">
    <subfield code="0">0</subfield>
    <subfield code="1">0</subfield>
    <subfield code="4">0</subfield>
    <subfield code="7">0</subfield>
    <subfield code="a">BB</subfield>
    <subfield code="b">BB</subfield>
    <subfield code="d">2014-04-29</subfield>
    <subfield code="g">600.00</subfield>
    <subfield code="l">2</subfield>
    <subfield code="o"> 621.3824CHA</subfield>
    <subfield code="p">B4990</subfield>
    <subfield code="r">2015-08-12 00:00:00</subfield>
    <subfield code="s">2015-08-10</subfield>
    <subfield code="w">2014-04-29</subfield>
    <subfield code="y">BK</subfield>
  </datafield>
  <datafield tag="952" ind1=" " ind2=" ">
    <subfield code="0">0</subfield>
    <subfield code="1">0</subfield>
    <subfield code="4">0</subfield>
    <subfield code="7">0</subfield>
    <subfield code="a">BB</subfield>
    <subfield code="b">BB</subfield>
    <subfield code="d">2014-04-29</subfield>
    <subfield code="g">600.00</subfield>
    <subfield code="l">1</subfield>
    <subfield code="o"> 621.3824CHA</subfield>
    <subfield code="p">B4991</subfield>
    <subfield code="r">2016-01-18 00:00:00</subfield>
    <subfield code="s">2015-08-10</subfield>
    <subfield code="w">2014-04-29</subfield>
    <subfield code="y">BK</subfield>
  </datafield>
  <datafield tag="952" ind1=" " ind2=" ">
    <subfield code="0">0</subfield>
    <subfield code="1">0</subfield>
    <subfield code="4">0</subfield>
    <subfield code="7">0</subfield>
    <subfield code="a">BB</subfield>
    <subfield code="b">BB</subfield>
    <subfield code="d">2014-04-29</subfield>
    <subfield code="g">600.00</subfield>
    <subfield code="l">1</subfield>
    <subfield code="o"> 621.3824CHA</subfield>
    <subfield code="p">B4992</subfield>
    <subfield code="r">2016-02-19 00:00:00</subfield>
    <subfield code="s">2015-05-28</subfield>
    <subfield code="w">2014-04-29</subfield>
    <subfield code="y">BK</subfield>
  </datafield>
  <datafield tag="952" ind1=" " ind2=" ">
    <subfield code="0">0</subfield>
    <subfield code="1">0</subfield>
    <subfield code="4">0</subfield>
    <subfield code="7">0</subfield>
    <subfield code="a">BB</subfield>
    <subfield code="b">BB</subfield>
    <subfield code="d">2014-04-29</subfield>
    <subfield code="g">600.00</subfield>
    <subfield code="l">0</subfield>
    <subfield code="o"> 621.3824CHA</subfield>
    <subfield code="p">B4993</subfield>
    <subfield code="r">2014-04-29 00:00:00</subfield>
    <subfield code="w">2014-04-29</subfield>
    <subfield code="y">BK</subfield>
  </datafield>
  <datafield tag="952" ind1=" " ind2=" ">
    <subfield code="0">0</subfield>
    <subfield code="1">0</subfield>
    <subfield code="4">0</subfield>
    <subfield code="7">0</subfield>
    <subfield code="a">BB</subfield>
    <subfield code="b">BB</subfield>
    <subfield code="d">2014-04-29</subfield>
    <subfield code="g">600.00</subfield>
    <subfield code="l">1</subfield>
    <subfield code="o"> 621.3824CHA</subfield>
    <subfield code="p">B4994</subfield>
    <subfield code="r">2017-01-09 00:00:00</subfield>
    <subfield code="s">2015-08-10</subfield>
    <subfield code="w">2014-04-29</subfield>
    <subfield code="y">BK</subfield>
  </datafield>
  <datafield tag="952" ind1=" " ind2=" ">
    <subfield code="0">0</subfield>
    <subfield code="1">0</subfield>
    <subfield code="4">0</subfield>
    <subfield code="7">0</subfield>
    <subfield code="a">BB</subfield>
    <subfield code="b">BB</subfield>
    <subfield code="d">2014-04-29</subfield>
    <subfield code="g">600.00</subfield>
    <subfield code="l">0</subfield>
    <subfield code="o"> 621.3824CHA</subfield>
    <subfield code="p">B4995</subfield>
    <subfield code="r">2014-04-29 00:00:00</subfield>
    <subfield code="w">2014-04-29</subfield>
    <subfield code="y">BK</subfield>
  </datafield>
  <datafield tag="952" ind1=" " ind2=" ">
    <subfield code="0">0</subfield>
    <subfield code="1">0</subfield>
    <subfield code="4">0</subfield>
    <subfield code="7">0</subfield>
    <subfield code="a">BB</subfield>
    <subfield code="b">BB</subfield>
    <subfield code="d">2014-04-29</subfield>
    <subfield code="g">600.00</subfield>
    <subfield code="l">0</subfield>
    <subfield code="o"> 621.3824CHA</subfield>
    <subfield code="p">B4996</subfield>
    <subfield code="r">2014-04-29 00:00:00</subfield>
    <subfield code="w">2014-04-29</subfield>
    <subfield code="y">BK</subfield>
  </datafield>
  <datafield tag="952" ind1=" " ind2=" ">
    <subfield code="0">0</subfield>
    <subfield code="1">0</subfield>
    <subfield code="4">0</subfield>
    <subfield code="7">0</subfield>
    <subfield code="a">BB</subfield>
    <subfield code="b">BB</subfield>
    <subfield code="d">2014-04-29</subfield>
    <subfield code="g">600.00</subfield>
    <subfield code="l">1</subfield>
    <subfield code="o"> 621.3824CHA</subfield>
    <subfield code="p">B4997</subfield>
    <subfield code="r">2015-08-07 00:00:00</subfield>
    <subfield code="s">2015-06-05</subfield>
    <subfield code="w">2014-04-29</subfield>
    <subfield code="y">BK</subfield>
  </datafield>
  <datafield tag="952" ind1=" " ind2=" ">
    <subfield code="0">0</subfield>
    <subfield code="1">0</subfield>
    <subfield code="4">0</subfield>
    <subfield code="7">0</subfield>
    <subfield code="a">BB</subfield>
    <subfield code="b">BB</subfield>
    <subfield code="d">2014-04-29</subfield>
    <subfield code="g">600.00</subfield>
    <subfield code="l">0</subfield>
    <subfield code="o"> 621.3824CHA</subfield>
    <subfield code="p">B4998</subfield>
    <subfield code="r">2014-04-29 00:00:00</subfield>
    <subfield code="w">2014-04-29</subfield>
    <subfield code="y">BK</subfield>
  </datafield>
  <datafield tag="952" ind1=" " ind2=" ">
    <subfield code="0">0</subfield>
    <subfield code="1">0</subfield>
    <subfield code="4">0</subfield>
    <subfield code="7">0</subfield>
    <subfield code="a">BB</subfield>
    <subfield code="b">BB</subfield>
    <subfield code="d">2014-04-29</subfield>
    <subfield code="g">600.00</subfield>
    <subfield code="l">0</subfield>
    <subfield code="o"> 621.3824CHA</subfield>
    <subfield code="p">B4999</subfield>
    <subfield code="r">2014-04-29 00:00:00</subfield>
    <subfield code="w">2014-04-29</subfield>
    <subfield code="y">BK</subfield>
  </datafield>
  <datafield tag="952" ind1=" " ind2=" ">
    <subfield code="0">0</subfield>
    <subfield code="1">0</subfield>
    <subfield code="4">0</subfield>
    <subfield code="7">0</subfield>
    <subfield code="a">BB</subfield>
    <subfield code="b">BB</subfield>
    <subfield code="d">2014-04-29</subfield>
    <subfield code="g">600.00</subfield>
    <subfield code="l">0</subfield>
    <subfield code="o"> 621.3824CHA</subfield>
    <subfield code="p">B5000</subfield>
    <subfield code="r">2014-04-29 00:00:00</subfield>
    <subfield code="w">2014-04-29</subfield>
    <subfield code="y">BK</subfield>
  </datafield>
  <datafield tag="952" ind1=" " ind2=" ">
    <subfield code="0">0</subfield>
    <subfield code="1">0</subfield>
    <subfield code="4">0</subfield>
    <subfield code="7">0</subfield>
    <subfield code="a">BB</subfield>
    <subfield code="b">BB</subfield>
    <subfield code="d">2014-04-29</subfield>
    <subfield code="g">600.00</subfield>
    <subfield code="l">1</subfield>
    <subfield code="o"> 621.3824CHA</subfield>
    <subfield code="p">B5001</subfield>
    <subfield code="r">2017-01-17 00:00:00</subfield>
    <subfield code="s">2015-08-10</subfield>
    <subfield code="w">2014-04-29</subfield>
    <subfield code="y">BK</subfield>
  </datafield>
  <datafield tag="952" ind1=" " ind2=" ">
    <subfield code="0">0</subfield>
    <subfield code="1">0</subfield>
    <subfield code="4">0</subfield>
    <subfield code="7">0</subfield>
    <subfield code="a">BB</subfield>
    <subfield code="b">BB</subfield>
    <subfield code="d">2014-04-29</subfield>
    <subfield code="g">600.00</subfield>
    <subfield code="l">0</subfield>
    <subfield code="o"> 621.3824CHA</subfield>
    <subfield code="p">B5002</subfield>
    <subfield code="r">2014-04-29 00:00:00</subfield>
    <subfield code="w">2014-04-29</subfield>
    <subfield code="y">BK</subfield>
  </datafield>
  <datafield tag="952" ind1=" " ind2=" ">
    <subfield code="0">0</subfield>
    <subfield code="1">0</subfield>
    <subfield code="4">0</subfield>
    <subfield code="7">0</subfield>
    <subfield code="a">BB</subfield>
    <subfield code="b">BB</subfield>
    <subfield code="d">2014-04-29</subfield>
    <subfield code="g">600.00</subfield>
    <subfield code="l">1</subfield>
    <subfield code="o"> 621.3824CHA</subfield>
    <subfield code="p">B5003</subfield>
    <subfield code="r">2015-11-11 00:00:00</subfield>
    <subfield code="s">2015-08-10</subfield>
    <subfield code="w">2014-04-29</subfield>
    <subfield code="y">BK</subfield>
  </datafield>
  <datafield tag="952" ind1=" " ind2=" ">
    <subfield code="0">0</subfield>
    <subfield code="1">0</subfield>
    <subfield code="4">0</subfield>
    <subfield code="7">0</subfield>
    <subfield code="a">BB</subfield>
    <subfield code="b">BB</subfield>
    <subfield code="d">2014-04-29</subfield>
    <subfield code="g">600.00</subfield>
    <subfield code="l">0</subfield>
    <subfield code="o"> 621.3824CHA</subfield>
    <subfield code="p">B5004</subfield>
    <subfield code="r">2014-04-29 00:00:00</subfield>
    <subfield code="w">2014-04-29</subfield>
    <subfield code="y">BK</subfield>
  </datafield>
  <datafield tag="952" ind1=" " ind2=" ">
    <subfield code="0">0</subfield>
    <subfield code="1">0</subfield>
    <subfield code="4">0</subfield>
    <subfield code="7">0</subfield>
    <subfield code="a">BB</subfield>
    <subfield code="b">BB</subfield>
    <subfield code="d">2014-04-29</subfield>
    <subfield code="g">600.00</subfield>
    <subfield code="l">0</subfield>
    <subfield code="o"> 621.3824CHA</subfield>
    <subfield code="p">B5005</subfield>
    <subfield code="r">2014-04-29 00:00:00</subfield>
    <subfield code="w">2014-04-29</subfield>
    <subfield code="y">BK</subfield>
  </datafield>
  <datafield tag="952" ind1=" " ind2=" ">
    <subfield code="0">0</subfield>
    <subfield code="1">0</subfield>
    <subfield code="4">0</subfield>
    <subfield code="7">0</subfield>
    <subfield code="a">BB</subfield>
    <subfield code="b">BB</subfield>
    <subfield code="d">2014-04-29</subfield>
    <subfield code="g">600.00</subfield>
    <subfield code="l">0</subfield>
    <subfield code="o"> 621.3824CHA</subfield>
    <subfield code="p">B5006</subfield>
    <subfield code="r">2014-04-29 00:00:00</subfield>
    <subfield code="w">2014-04-29</subfield>
    <subfield code="y">BK</subfield>
  </datafield>
  <datafield tag="952" ind1=" " ind2=" ">
    <subfield code="0">0</subfield>
    <subfield code="1">0</subfield>
    <subfield code="4">0</subfield>
    <subfield code="7">0</subfield>
    <subfield code="a">BB</subfield>
    <subfield code="b">BB</subfield>
    <subfield code="d">2014-04-29</subfield>
    <subfield code="g">600.00</subfield>
    <subfield code="l">1</subfield>
    <subfield code="o"> 621.3824CHA</subfield>
    <subfield code="p">B5007</subfield>
    <subfield code="r">2016-12-28 00:00:00</subfield>
    <subfield code="s">2015-05-28</subfield>
    <subfield code="w">2014-04-29</subfield>
    <subfield code="y">BK</subfield>
  </datafield>
  <datafield tag="952" ind1=" " ind2=" ">
    <subfield code="0">0</subfield>
    <subfield code="1">0</subfield>
    <subfield code="4">0</subfield>
    <subfield code="7">0</subfield>
    <subfield code="a">BB</subfield>
    <subfield code="b">BB</subfield>
    <subfield code="d">2014-04-29</subfield>
    <subfield code="g">600.00</subfield>
    <subfield code="l">0</subfield>
    <subfield code="o"> 621.3824CHA</subfield>
    <subfield code="p">B5008</subfield>
    <subfield code="r">2014-04-29 00:00:00</subfield>
    <subfield code="w">2014-04-29</subfield>
    <subfield code="y">BK</subfield>
  </datafield>
  <datafield tag="952" ind1=" " ind2=" ">
    <subfield code="0">0</subfield>
    <subfield code="1">0</subfield>
    <subfield code="4">0</subfield>
    <subfield code="7">0</subfield>
    <subfield code="a">BB</subfield>
    <subfield code="b">BB</subfield>
    <subfield code="d">2014-04-29</subfield>
    <subfield code="g">600.00</subfield>
    <subfield code="l">1</subfield>
    <subfield code="o"> 621.3824CHA</subfield>
    <subfield code="p">B5009</subfield>
    <subfield code="r">2016-02-17 00:00:00</subfield>
    <subfield code="s">2015-08-10</subfield>
    <subfield code="w">2014-04-29</subfield>
    <subfield code="y">BK</subfield>
  </datafield>
  <datafield tag="952" ind1=" " ind2=" ">
    <subfield code="0">0</subfield>
    <subfield code="1">0</subfield>
    <subfield code="4">0</subfield>
    <subfield code="7">0</subfield>
    <subfield code="a">BB</subfield>
    <subfield code="b">BB</subfield>
    <subfield code="d">2014-04-29</subfield>
    <subfield code="g">600.00</subfield>
    <subfield code="l">4</subfield>
    <subfield code="o"> 621.3824CHA</subfield>
    <subfield code="p">B5010</subfield>
    <subfield code="r">2025-10-24 00:00:00</subfield>
    <subfield code="s">2015-12-22</subfield>
    <subfield code="w">2014-04-29</subfield>
    <subfield code="y">BK</subfield>
  </datafield>
  <datafield tag="952" ind1=" " ind2=" ">
    <subfield code="0">0</subfield>
    <subfield code="1">0</subfield>
    <subfield code="4">0</subfield>
    <subfield code="7">0</subfield>
    <subfield code="a">BB</subfield>
    <subfield code="b">BB</subfield>
    <subfield code="d">2014-04-29</subfield>
    <subfield code="g">600.00</subfield>
    <subfield code="l">1</subfield>
    <subfield code="o"> 621.3824CHA</subfield>
    <subfield code="p">B5011</subfield>
    <subfield code="r">2021-06-17 00:00:00</subfield>
    <subfield code="s">2015-05-28</subfield>
    <subfield code="w">2014-04-29</subfield>
    <subfield code="y">BK</subfield>
  </datafield>
  <datafield tag="952" ind1=" " ind2=" ">
    <subfield code="0">0</subfield>
    <subfield code="1">0</subfield>
    <subfield code="4">0</subfield>
    <subfield code="7">0</subfield>
    <subfield code="a">BB</subfield>
    <subfield code="b">BB</subfield>
    <subfield code="d">2014-04-29</subfield>
    <subfield code="g">600.00</subfield>
    <subfield code="l">1</subfield>
    <subfield code="o"> 621.3824CHA</subfield>
    <subfield code="p">B5012</subfield>
    <subfield code="r">2015-08-12 00:00:00</subfield>
    <subfield code="s">2015-05-28</subfield>
    <subfield code="w">2014-04-29</subfield>
    <subfield code="y">BK</subfield>
  </datafield>
  <datafield tag="952" ind1=" " ind2=" ">
    <subfield code="0">0</subfield>
    <subfield code="1">0</subfield>
    <subfield code="4">0</subfield>
    <subfield code="7">0</subfield>
    <subfield code="a">BB</subfield>
    <subfield code="b">BB</subfield>
    <subfield code="d">2014-04-29</subfield>
    <subfield code="g">600.00</subfield>
    <subfield code="l">1</subfield>
    <subfield code="o"> 621.3824CHA</subfield>
    <subfield code="p">B5013</subfield>
    <subfield code="r">2016-02-02 00:00:00</subfield>
    <subfield code="s">2015-08-10</subfield>
    <subfield code="w">2014-04-29</subfield>
    <subfield code="y">BK</subfield>
  </datafield>
  <datafield tag="952" ind1=" " ind2=" ">
    <subfield code="0">0</subfield>
    <subfield code="1">0</subfield>
    <subfield code="4">0</subfield>
    <subfield code="7">0</subfield>
    <subfield code="a">BB</subfield>
    <subfield code="b">BB</subfield>
    <subfield code="d">2014-04-29</subfield>
    <subfield code="g">600.00</subfield>
    <subfield code="l">0</subfield>
    <subfield code="o"> 621.3824CHA</subfield>
    <subfield code="p">B5014</subfield>
    <subfield code="r">2014-04-29 00:00:00</subfield>
    <subfield code="w">2014-04-29</subfield>
    <subfield code="y">BK</subfield>
  </datafield>
  <datafield tag="952" ind1=" " ind2=" ">
    <subfield code="0">0</subfield>
    <subfield code="1">0</subfield>
    <subfield code="4">0</subfield>
    <subfield code="7">0</subfield>
    <subfield code="a">BB</subfield>
    <subfield code="b">BB</subfield>
    <subfield code="d">2014-04-29</subfield>
    <subfield code="g">600.00</subfield>
    <subfield code="l">0</subfield>
    <subfield code="o"> 621.3824CHA</subfield>
    <subfield code="p">B5015</subfield>
    <subfield code="r">2014-04-29 00:00:00</subfield>
    <subfield code="w">2014-04-29</subfield>
    <subfield code="y">BK</subfield>
  </datafield>
  <datafield tag="952" ind1=" " ind2=" ">
    <subfield code="0">0</subfield>
    <subfield code="1">0</subfield>
    <subfield code="4">0</subfield>
    <subfield code="7">0</subfield>
    <subfield code="8">REF</subfield>
    <subfield code="a">REF</subfield>
    <subfield code="b">REF</subfield>
    <subfield code="d">2014-05-29</subfield>
    <subfield code="g">4096.00</subfield>
    <subfield code="l">1</subfield>
    <subfield code="o">621.3824CHA  (Shelf -46A)</subfield>
    <subfield code="p">46475</subfield>
    <subfield code="r">2021-06-11 00:00:00</subfield>
    <subfield code="s">2021-03-04</subfield>
    <subfield code="y">BK</subfield>
  </datafield>
  <datafield tag="952" ind1=" " ind2=" ">
    <subfield code="0">0</subfield>
    <subfield code="1">0</subfield>
    <subfield code="4">0</subfield>
    <subfield code="7">0</subfield>
    <subfield code="8">REF</subfield>
    <subfield code="a">REF</subfield>
    <subfield code="b">REF</subfield>
    <subfield code="d">2014-05-29</subfield>
    <subfield code="g">4096.00</subfield>
    <subfield code="l">2</subfield>
    <subfield code="o">621.3824CHA  (Shelf -46A)</subfield>
    <subfield code="p">46476</subfield>
    <subfield code="r">2022-03-22 00:00:00</subfield>
    <subfield code="s">2021-07-09</subfield>
    <subfield code="y">BK</subfield>
  </datafield>
  <datafield tag="952" ind1=" " ind2=" ">
    <subfield code="0">0</subfield>
    <subfield code="1">0</subfield>
    <subfield code="4">0</subfield>
    <subfield code="7">0</subfield>
    <subfield code="a">QUESTCL</subfield>
    <subfield code="b">QUESTCL</subfield>
    <subfield code="d">2014-05-29</subfield>
    <subfield code="g">4096.00</subfield>
    <subfield code="l">1</subfield>
    <subfield code="o">621.3824CHA</subfield>
    <subfield code="p">46477</subfield>
    <subfield code="r">2021-11-12 00:00:00</subfield>
    <subfield code="s">2021-09-28</subfield>
    <subfield code="w">2014-05-29</subfield>
    <subfield code="y">BK</subfield>
  </datafield>
  <datafield tag="952" ind1=" " ind2=" ">
    <subfield code="0">0</subfield>
    <subfield code="1">0</subfield>
    <subfield code="4">0</subfield>
    <subfield code="7">0</subfield>
    <subfield code="a">QUESTCL</subfield>
    <subfield code="b">QUESTCL</subfield>
    <subfield code="d">2014-05-29</subfield>
    <subfield code="g">4096.00</subfield>
    <subfield code="l">1</subfield>
    <subfield code="o">621.3824CHA</subfield>
    <subfield code="p">46478</subfield>
    <subfield code="r">2025-10-22 00:00:00</subfield>
    <subfield code="s">2014-11-24</subfield>
    <subfield code="w">2014-05-29</subfield>
    <subfield code="y">BK</subfield>
  </datafield>
  <datafield tag="952" ind1=" " ind2=" ">
    <subfield code="0">0</subfield>
    <subfield code="1">0</subfield>
    <subfield code="4">0</subfield>
    <subfield code="7">0</subfield>
    <subfield code="a">QUESTCL</subfield>
    <subfield code="b">QUESTCL</subfield>
    <subfield code="d">2021-07-30</subfield>
    <subfield code="l">0</subfield>
    <subfield code="o">621.31042CHA</subfield>
    <subfield code="p">D2002</subfield>
    <subfield code="r">2025-06-16 00:00:00</subfield>
    <subfield code="w">2025-06-16</subfield>
    <subfield code="y">BK</subfield>
  </datafield>
</record>
